000
00289nam a22001217a 4500
082
_a
297.4 JAC
100
_a
Jackson, Paul S.J
245
_a
Guided By Maneri
260
_a
Gujrat, India
_b
Gujrat Sahitya Prakash
_c
2016
300
_a
88
650
_a
Sufism- Sharafuddin Maneri
942
_c
BK
999
_c
20125
_d
20125